| 000 | 00000nam 2200000za 4500 |
| 001 | 9.816667 |
| 003 | CaOODSP |
| 005 | 20221107142311 |
| 007 | cr ||||||||||| |
| 008 | 160502s2016 onc o f000 0 eng d |
| 040 | |aCaOODSP|beng |
| 043 | |an-cn--- |
| 086 | 1 |aH113-24/2016-19E-PDF |
| 245 | 00|aCyantraniliprole |h[electronic resource]. |
| 260 | |aOttawa : |bHealth Canada, |c2016. |
| 300 | |a2 p. : |btables |
| 490 | 1 |aProposed maximum residue limit, |x1925-0843 ; |vPMRL2016-19 |
| 500 | |aIssued also in French under title: Cyantraniliprole. |
| 500 | |a“26 April 2016.” |
| 504 | |aIncludes references. |
| 520 | |aUnder the authority of the Pest Control Products Act, Health Canada’s Pest Management Regulatory Agency (PMRA) has received applications to register cyantraniliprole and the endues product Dupont Okina Insect Control for use in Canada on greenhouse fruiting vegetables (Crop Group 8-09) and cucurbit vegetables (Crop Group 9). The evaluation of this cyantraniliprole application indicates that the end-use product has value, and the human health and environmental risks associated with the proposed uses are acceptable. Details regarding these applications can be found in Proposed Registration Decision PRD2016-13, Cyantraniliprole, posted to the Health Canada website on April 15, 2016. |
| 530 | |aIssued also in printed form. |
| 692 | 07|2gccst|aPesticides |
| 692 | 07|2gccst|aInsecticides |
| 692 | 07|2gccst|aSafety standards |
| 692 | 07|2gccst|aCertification |
| 710 | 1 |aCanada. |bPest Management Regulatory Agency. |
| 775 | 08|tCyantraniliprole |w(CaOODSP)9.816668 |
| 830 | #0|aProposed maximum residue limit,|x1925-0843 ; |vPMRL2016-19|w(CaOODSP)9.505147 |
| 856 | 40|qPDF|s40 KB|uhttps://publications.gc.ca/collections/collection_2016/sc-hc/H113-24-2016-19-eng.pdf |